| 000 | 00681nam a2200241 a 4500 | ||
|---|---|---|---|
| 001 | 69012 | ||
| 003 | BD-RjUL | ||
| 005 | 20211209081835.0 | ||
| 008 | 161102s1996 ii p|||| |||| 001 0 eng d | ||
| 020 | _a0074623346 | ||
| 035 | _a(BD-RjUL)69223 | ||
| 040 |
_aBD-RjUL _beng _cBD-RjUL _dBD-RjUL |
||
| 041 | _aeng | ||
| 082 |
_223 _a620.0044 _bPAP 1996 |
||
| 100 | 1 |
_aPatranabis, D _9161691 |
|
| 245 | 1 | 0 |
_aPrinciples of industrial instrumentation / _cD Patranabis |
| 250 | _a2nd ed. | ||
| 260 |
_aNew Delhi : _bTata McGraw-Hill, _cc1996. |
||
| 300 |
_axi, 767 p. : _bill, ; _c24 cm. |
||
| 500 | _aInclude index | ||
| 650 |
_aEngineering instruments. _9160825 |
||
| 942 |
_2ddc _cBK |
||
| 999 |
_c69012 _d69012 |
||